000
00276nam a2200097Ia 4500
001
1109908
005
20250827003841.0
008
250824s9999 xx 000 0 und d
245
0
_a
NASRETTİN HOCA'DAN FIKRALAR
_c
MUSTAFA AFŞİN GÜRLER
260
_b
MİLLİ EĞİTİM BAKANLIĞI
999
_c
1109908
_d
1109908